Statistics for Canadian Provinces & Territories - One Minute Sprint

Click here to take the quiz!

General Stats

  • This quiz has been taken 322 times
  • The average score is 11 of 13

Answers on the Map

Answers color-coded by a green-red scale on the quiz's map according to % correct below.
 

Answer Stats

province / territory% Correct
British Columbia
92%
Alberta
90%
Ontario
90%
Quebec
90%
Yukon
85%
Newfoundland and Labrador
82%
Nova Scotia
78%
Manitoba
77%
Prince Edward Island
77%
Saskatchewan
76%
Northwest Territories
75%
Nunavut
73%
New Brunswick
70%

Score Distribution

Percentile by Number Answered

Percent of People with Each Score

Your Score History

You have not taken this quiz